[Event "SVK-chT 2425"]
[Site "Slovakia"]
[Date "2025.03.15"]
[Round "7.8"]
[White "Rucek, Kristian"]
[Black "Takacs, Laszlo"]
[Result "0-1"]
[WhiteElo "2220"]
[BlackElo "2225"]
[PlyCount "116"]
[EventDate "2024.11.23"]
[EventType "team-tourn"]
[EventRounds "11"]
[EventCountry "SVK"]
[SourceTitle "CB14_2025"]
[SourceDate "2024.11.01"]
[SourceVersion "1"]
[SourceVersionDate "2024.11.01"]
[SourceQuality "1"]
[WhiteTeam "Dubnica nad Vahom"]
[BlackTeam "Dunajska Streda"]
[WhiteTeamCountry "SVK"]
[BlackTeamCountry "SVK"]

1. e4 c5 2. c3 d5 3. exd5 Qxd5 4. d4 Nc6 5. Nf3 Bg4 6. dxc5 Qxd1+ 7. Kxd1 e6 8. b4 a5 9. Bb5 Nf6 10. Kc2 Bxf3 11. gxf3 Nd5 12. Bd2 Be7 13. bxa5 Nc7 14. a4 Bxc5 15. Bf4 Nxb5 16. axb5 Nxa5 17. Nd2 0-0 18. Ra4 b6 19. Rha1 Rac8 20. Ne4 Be7 21. Rxa5 bxa5 22. b6 f5 23. b7 Rb8 24. Bxb8 Rxb8 25. Nd2 Rxb7 26. Rxa5 Rc7 27. Kd3 Bc5 28. Ke2 Bd6 29. c4 Bxh2 30. c5 Be5 31. c6 Bc3 32. Rc5 Bb4 33. Rc2 Kf7 34. Nc4 Ke7 35. Ne5 Bd6 36. Nd3 g5 37. Ke3 h5 38. f4 g4 39. f3 Kf6 40. Rh2 Kg6 41. Rc2 g3 42. Nc1 h4 43. Ne2 Rh7 44. Rc1 Kf6 45. Ng1 Bc7 46. Nh3 Bb6+ 47. Ke2 Ra7 48. Rc2 Bc7 49. Rd2 Ra6 50. Rd7 Rxc6 51. Ke3 Bb6+ 52. Kd3 g2 53. Ng5 Rd6+ 54. Rxd6 g1Q 55. Rxe6+ Kg7 56. Re7+ Kf8 57. Rh7 Qe3+ 58. Kc4 Qxf4+ 0-1

[Event "SVK-chT 2425"]
[Site "Slovakia"]
[Date "2025.01.18"]
[Round "3.8"]
[White "Havalda, Samuel"]
[Black "Rucek, Kristian"]
[Result "0-1"]
[WhiteElo "1947"]
[BlackElo "2173"]
[PlyCount "54"]
[EventDate "2024.11.23"]
[EventType "team-tourn"]
[EventRounds "11"]
[EventCountry "SVK"]
[SourceTitle "CB14_2025"]
[SourceDate "2024.11.01"]
[SourceVersion "1"]
[SourceVersionDate "2024.11.01"]
[SourceQuality "1"]
[WhiteTeam "Bratislava KSN"]
[BlackTeam "Dubnica nad Vahom"]
[WhiteTeamCountry "SVK"]
[BlackTeamCountry "SVK"]

1. e4 e6 2. d4 d5 3. Nc3 Nf6 4. Bg5 Bb4 5. e5 h6 6. Bd2 Bxc3 7. bxc3 Ne4 8. Qg4 g6 9. Bd3 Nxd2 10. Kxd2 c5 11. f4 Qa5 12. Nf3 Nc6 13. dxc5 d4 14. h4 dxc3+ 15. Ke2 Bd7 16. h5 gxh5 17. Rxh5 0-0-0 18. Qh3 Nb4 19. Rxh6 Rxh6 20. Qxh6 Nxd3 21. cxd3 Qa3 22. Qh1 Qb2+ 23. Ke3 Bb5 24. Rd1 c2 25. Rc1 Rxd3+ 26. Kf2 Rd1 27. Qh8+ Kc7 0-1

[Event "SVK-chT2B 2425"]
[Site "Slovakia"]
[Date "2024.11.10"]
[Round "2.2"]
[White "Horvath, Mario"]
[Black "Rucek, Kristian"]
[Result "0-1"]
[WhiteElo "2174"]
[BlackElo "2172"]
[PlyCount "38"]
[EventDate "2024.11.09"]
[EventType "team-tourn"]
[EventRounds "11"]
[EventCountry "SVK"]
[SourceTitle "CB51_2024"]
[SourceDate "2024.12.18"]
[SourceVersion "1"]
[SourceVersionDate "2024.12.18"]
[SourceQuality "1"]
[WhiteTeam "Nove Zamky"]
[BlackTeam "Belusa"]
[WhiteTeamCountry "SVK"]
[BlackTeamCountry "SVK"]

1. c4 e6 2. Nf3 d5 3. cxd5 exd5 4. d4 c5 5. g3 Nf6 6. Bg2 Nc6 7. 0-0 Be7 8. dxc5 Bxc5 9. a3 Ne4 10. b4 Be7 11. Bb2 Bf6 12. Bxf6 Qxf6 13. Ra2 Be6 14. b5 Ne5 15. Nd4 0-0 16. Qb3 Ng4 17. e3 Rac8 18. Nd2 Rc3 19. Nxe4 Qh6 0-1

[Event "Teguise Hotel op"]
[Site "Lanzarote"]
[Date "2024.08.18"]
[Round "5"]
[White "Xu, Pengmo"]
[Black "Rucek, Kristian"]
[Result "0-1"]
[WhiteElo "1834"]
[BlackElo "2148"]
[PlyCount "116"]
[EventDate "2024.08.15"]
[EventType "swiss"]
[EventRounds "9"]
[EventCountry "ESP"]
[SourceTitle "CBM 221 Extra"]
[Source "ChessBase"]
[SourceDate "2024.09.30"]
[SourceVersion "1"]
[SourceVersionDate "2024.09.30"]
[SourceQuality "1"]

1. d4 d5 2. c4 e6 3. Nc3 c5 4. cxd5 exd5 5. Nf3 Nf6 6. Bg5 Be6 7. dxc5 Bxc5 8. e3 0-0 9. Be2 Nc6 10. 0-0 h6 11. Bh4 g5 12. Bg3 Re8 13. Rc1 Bb6 14. Nb5 Ne4 15. Nfd4 Rc8 16. Nxc6 bxc6 17. Nd4 Bd7 18. Ba6 Nxg3 19. hxg3 Rc7 20. Qf3 Re4 21. Qd1 Bxd4 22. exd4 Qf6 23. Qd2 Qxd4 24. Bd3 Qb4 25. Rc3 Re8 26. Rfc1 Qe7 27. Rc5 Rb7 28. Bb1 Qe2 29. R5c2 Qxd2 30. Rxd2 Kf8 31. Bd3 Rbb8 32. f3 Ke7 33. Kf2 h5 34. Be2 Kd6 35. Rc3 f5 36. Ra3 Rb7 37. Ra5 Re7 38. Ba6 Rb6 39. Bd3 Bc8 40. Be2 c5 41. a3 Be6 42. g4 hxg4 43. fxg4 f4 44. b4 cxb4 45. axb4 Rxb4 46. Bf3 Reb7 47. Bxd5 Rb2 48. Bxb7+ Rxd2+ 49. Ke1 Ra2 50. Rxg5 a5 51. Bf3 a4 52. Ra5 a3 53. g5 Ra1+ 54. Kd2 a2 55. Ra6+ Ke5 56. Ra5+ Kd4 57. g6 Rb1 58. Bg4 Bc4 0-1

[Event "Teguise Hotel op"]
[Site "Lanzarote"]
[Date "2024.08.17"]
[Round "4"]
[White "Rucek, Kristian"]
[Black "Chan, Pui Yin Brandon"]
[Result "1-0"]
[WhiteElo "2148"]
[BlackElo "1869"]
[PlyCount "75"]
[EventDate "2024.08.15"]
[EventType "swiss"]
[EventRounds "9"]
[EventCountry "ESP"]
[SourceTitle "CBM 221 Extra"]
[Source "ChessBase"]
[SourceDate "2024.09.30"]
[SourceVersion "1"]
[SourceVersionDate "2024.09.30"]
[SourceQuality "1"]

1. e4 e6 2. Nf3 d5 3. Nc3 Nf6 4. e5 Nfd7 5. d4 c5 6. Bg5 f6 7. exf6 Nxf6 8. Bb5+ Nc6 9. Ne5 Bd7 10. Qe2 a6 11. Nxd5 Nxe5 12. dxe5 Bxb5 13. Nxf6+ Qxf6 14. exf6 Bxe2 15. Kxe2 Kf7 16. fxg7 Bxg7 17. Rhd1 Kg6 18. Bh4 Bxb2 19. Rab1 Bd4 20. Rxb7 Rhb8 21. Rdb1 Rxb7 22. Rxb7 a5 23. Rb6 Kf5 24. f3 a4 25. g4+ Ke5 26. c4 Bg1 27. Bg3+ Kd4 28. Rb1 Bxh2 29. Bxh2 Kxc4 30. Rc1+ Kd5 31. Rd1+ Kc4 32. Be5 Kb4 33. Kd2 Rf8 34. f4 Rg8 35. Rb1+ Ka3 36. g5 h6 37. Bb2+ Kb4 38. Bg7+ 1-0

[Event "Teguise Hotel op"]
[Site "Lanzarote"]
[Date "2024.08.16"]
[Round "3"]
[White "Plat, Vojtech"]
[Black "Rucek, Kristian"]
[Result "1-0"]
[WhiteElo "2477"]
[BlackElo "2148"]
[PlyCount "173"]
[EventDate "2024.08.15"]
[EventType "swiss"]
[EventRounds "9"]
[EventCountry "ESP"]
[SourceTitle "CBM 221 Extra"]
[Source "ChessBase"]
[SourceDate "2024.09.30"]
[SourceVersion "1"]
[SourceVersionDate "2024.09.30"]
[SourceQuality "1"]

1. e4 e6 2. d4 d5 3. Bd3 c5 4. exd5 exd5 5. Nf3 Nf6 6. 0-0 c4 7. Be2 Be7 8. b3 cxb3 9. axb3 0-0 10. c4 Nc6 11. Ne5 Bf5 12. Nxc6 bxc6 13. c5 Ne4 14. Bd3 Bf6 15. Ra4 Qd7 16. Qc2 Bg6 17. Bf4 Rfe8 18. Nd2 Qg4 19. Be3 Bg5 20. h3 Qh5 21. Bxg5 Nxg5 22. Bxg6 hxg6 23. Qd1 Qxd1 24. Rxd1 Ne6 25. Nf3 f6 26. Ra6 Rec8 27. b4 Kf7 28. Re1 Nd8 29. Rea1 Rc7 30. Ne1 Rb7 31. Nc2 Ke7 32. R1a5 Kd7 33. b5 Rab8 34. Rxa7 cxb5 35. Rxb5 Rxa7 36. Rxb8 Nc6 37. Rb6 Ra4 38. Ne3 Rxd4 39. Rb7+ Ke6 40. Rxg7 Ne7 41. c6 Ra4 42. Kh2 Ra1 43. Nc2 Ra4 44. c7 Rc4 45. Nd4+ Kd7 46. Nb5 d4 47. Rf7 Ke6 48. Rf8 d3 49. Rd8 Rc5 50. Nd4+ Kf7 51. Nf3 Rxc7 52. Rxd3 Rc2 53. Nd2 g5 54. g3 Rc6 55. Kg2 Ng6 56. Nf3 Ra6 57. Rd5 Ne7 58. Rd7 Ke6 59. Rc7 Ra4 60. Rc5 g4 61. hxg4 Rxg4 62. Ra5 Rb4 63. Nh4 Rb2 64. Ra6+ Kf7 65. Rd6 Ra2 66. Nf3 Nf5 67. Rd3 Ra4 68. Ng1 Ne7 69. Ne2 Ng6 70. Rd7+ Ke6 71. Rb7 Rc4 72. Rb6+ Kf7 73. Rb7+ Ke6 74. Rg7 Ne7 75. Nf4+ Kd6 76. Rf7 f5 77. Rf6+ Kd7 78. Nd3 Rc3 79. Ne5+ Ke8 80. Kh3 Rc2 81. f4 Rc3 82. Kh4 Ra3 83. Nc4 Ra1 84. Nd6+ Kd7 85. Nxf5 Rh1+ 86. Kg4 Ng8 87. Rd6+ 1-0

[Event "CZE-chT1E 2324"]
[Site "Czech Republic"]
[Date "2024.03.03"]
[Round "9.7"]
[White "Rucek, Kristian"]
[Black "Sieber, Martin"]
[Result "0-1"]
[WhiteElo "2138"]
[BlackElo "2008"]
[PlyCount "80"]
[EventDate "2023.10.22"]
[EventType "team-tourn"]
[EventRounds "11"]
[EventCountry "CZE"]
[SourceTitle "EXT 2025"]
[Source "ChessBase"]
[SourceDate "2024.10.14"]
[SourceVersion "1"]
[SourceVersionDate "2024.10.14"]
[SourceQuality "1"]
[WhiteTeam "Vlcnov"]
[BlackTeam "Orlova Slavia"]
[WhiteTeamCountry "CZE"]
[BlackTeamCountry "CZE"]

1. e4 c5 2. c3 g6 3. d4 Bg7 4. dxc5 Qc7 5. Be3 Nf6 6. Nd2 0-0 7. Bd3 a5 8. a3 Na6 9. b4 b6 10. cxb6 Qxc3 11. Ke2 Ng4 12. Rc1 Nxe3 13. fxe3 Qxa3 14. Nc4 Qxb4 15. Rb1 Qc5 16. b7 Bxb7 17. Rxb7 d5 18. Nb2 Qc6 19. Rb3 Nc5 20. Qc2 dxe4 21. Bb5 Qc8 22. Ra3 Qg4+ 23. Kf2 Rfc8 24. Nd1 Nd3+ 25. Bxd3 Rxc2+ 26. Bxc2 Rc8 27. Ba4 Qf5+ 28. Ke1 Qc5 29. Ra2 Qc4 30. Rc2 Qb4+ 31. Kf2 Rxc2+ 32. Bxc2 Qd2+ 33. Ne2 Qxc2 34. Ndc3 Bxc3 35. Rc1 Qb2 36. Rxc3 a4 37. Rc8+ Kg7 38. Kf1 a3 39. Nc3 Qc1+ 40. Kf2 a2 0-1

[Event "SVK-chT 2324"]
[Site "Slovakia"]
[Date "2024.01.20"]
[Round "5.8"]
[White "Rucek, Kristian"]
[Black "Vadila, Ondrej"]
[Result "1/2-1/2"]
[WhiteElo "2135"]
[BlackElo "2181"]
[PlyCount "81"]
[EventDate "2023.11.04"]
[EventType "team-tourn"]
[EventRounds "11"]
[EventCountry "SVK"]
[SourceTitle "CBM 218 Extra"]
[Source "ChessBase"]
[SourceDate "2024.03.31"]
[SourceVersion "1"]
[SourceVersionDate "2024.03.31"]
[SourceQuality "1"]
[WhiteTeam "Dubnica nad Vahom"]
[BlackTeam "Bratislava Slovan"]
[WhiteTeamCountry "SVK"]
[BlackTeamCountry "SVK"]

1. d4 Nf6 2. c4 g6 3. Nc3 Bg7 4. e4 d6 5. Nf3 0-0 6. Be2 c5 7. d5 e6 8. Nd2 exd5 9. cxd5 Re8 10. 0-0 Na6 11. f3 Nc7 12. a4 b6 13. Nc4 Ba6 14. Rb1 Bxc4 15. Bxc4 a6 16. Bg5 Qd7 17. b4 b5 18. bxc5 bxc4 19. Rb6 Nfxd5 20. Nxd5 Nxd5 21. Qxd5 Qe6 22. Rxd6 Qxd5 23. Rxd5 Rac8 24. Rc1 c3 25. Kf2 Rb8 26. Bf4 Rb2+ 27. Kg3 Rc8 28. c6 g5 29. Bxg5 f6 30. Be3 Rxc6 31. Bd4 Rb3 32. Kg4 c2 33. Rc5 Rxc5 34. Bxc5 Rc3 35. Bb4 Rc4 36. Bd2 f5+ 37. Kxf5 Bb2 38. Re1 c1Q 39. Bxc1 Bxc1 40. e5 Kf7 41. Re4 1/2-1/2

[Event "SVK-chT1W 2324"]
[Site "Slovakia"]
[Date "2023.11.26"]
[Round "4.1"]
[White "Rucek, Kristian"]
[Black "Zetocha, Claudiu Andrei"]
[Result "1-0"]
[WhiteElo "2204"]
[BlackElo "2271"]
[PlyCount "57"]
[EventDate "2023.10.21"]
[EventType "team-tourn"]
[EventRounds "11"]
[EventCountry "SVK"]
[SourceTitle "EXT 2025"]
[Source "ChessBase"]
[SourceDate "2024.10.14"]
[SourceVersion "1"]
[SourceVersionDate "2024.10.14"]
[SourceQuality "1"]
[WhiteTeam "Dubnica nad Vahom II"]
[BlackTeam "Bratislava Slovan II"]
[WhiteTeamCountry "SVK"]
[BlackTeamCountry "SVK"]

1. e4 c5 2. c3 d5 3. exd5 Qxd5 4. d4 Nf6 5. Nf3 e6 6. Na3 cxd4 7. Nb5 Qd8 8. Qxd4 Qxd4 9. Nfxd4 Na6 10. Bf4 Bc5 11. 0-0-0 0-0 12. b4 Be7 13. a3 Rd8 14. Be2 Nd5 15. Bg3 Bd7 16. c4 Nb6 17. Bf3 Bc8 18. c5 Nd5 19. Rhe1 g6 20. Kc2 Kf8 21. Kb3 Rd7 22. Nc2 Bd8 23. Bd6+ Kg8 24. Bxd5 exd5 25. Re8+ Kg7 26. Ne3 Bg5 27. Bf8+ Kf6 28. Nd6 Nc7 29. Ng4# 1-0

[Event "SVK-chT 2324"]
[Site "Slovakia"]
[Date "2023.11.04"]
[Round "1.8"]
[White "Motycakova, Monika"]
[Black "Rucek, Kristian"]
[Result "1-0"]
[WhiteElo "2066"]
[BlackElo "2135"]
[PlyCount "77"]
[EventDate "2023.11.04"]
[EventType "team-tourn"]
[EventRounds "11"]
[EventCountry "SVK"]
[SourceTitle "CBM 217 Extra"]
[Source "ChessBase"]
[SourceDate "2024.01.31"]
[SourceVersion "1"]
[SourceVersionDate "2024.01.31"]
[SourceQuality "1"]
[WhiteTeam "Liptov Chess School"]
[BlackTeam "Dubnica nad Vahom"]
[WhiteTeamCountry "SVK"]
[BlackTeamCountry "SVK"]

1. e4 e6 2. d4 d5 3. Nd2 c5 4. exd5 Qxd5 5. Ngf3 cxd4 6. Bc4 Qd7 7. 0-0 Nc6 8. Nb3 Nf6 9. Nbxd4 Nxd4 10. Nxd4 a6 11. c3 Bd6 12. Bb3 Qc7 13. h3 0-0 14. Re1 b6 15. Bg5 Bh2+ 16. Kf1 Bf4 17. Qf3 Bxg5 18. Qxa8 Bb7 19. Nxe6 Rxa8 20. Nxc7 Rc8 21. Rad1 Ne4 22. Bd5 Rxc7 23. Rxe4 Kf8 24. Bxb7 Rxb7 25. Rd5 Be7 26. Rc4 g6 27. Rc8+ Kg7 28. Ra8 a5 29. Rb5 Rd7 30. Rxb6 Rd2 31. Ke1 Rc2 32. Rc8 a4 33. a3 Bg5 34. Rb4 h5 35. Ra8 Be7 36. Rb7 Bc5 37. Rxa4 Rc1+ 38. Kd2 Rg1 39. Rf4 1-0

[Event "SVK-ch U20 rapid"]
[Site "Senec"]
[Date "2023.05.07"]
[Round "2"]
[White "Paluska, Karol"]
[Black "Rucek, Kristian"]
[Result "0-1"]
[WhiteElo "1746"]
[BlackElo "1935"]
[PlyCount "64"]
[EventDate "2023.05.07"]
[EventType "rapid"]
[EventRounds "7"]
[EventCountry "SVK"]
[SourceTitle "EXT 2024"]
[Source "ChessBase"]
[SourceDate "2023.10.10"]
[SourceVersion "1"]
[SourceVersionDate "2023.10.10"]
[SourceQuality "1"]

1. d4 d5 2. c4 e6 3. Nc3 c5 4. e3 Nc6 5. Nf3 Nf6 6. Be2 a6 7. cxd5 exd5 8. 0-0 c4 9. Qc2 Nb4 10. Qd1 Bf5 11. Ne5 Bd6 12. a3 Nc6 13. Nxc6 bxc6 14. Qa4 Qb6 15. Bd2 0-0 16. Nd1 Ne4 17. Ba5 Qb7 18. Bf3 Rab8 19. Re1 Rfe8 20. Ra2 Re6 21. Bxe4 Bxe4 22. Nc3 Bf5 23. Ne2 Qe7 24. Ng3 Bd3 25. Bc3 Rh6 26. f4 Qh4 27. Kf2 g5 28. Qxc6 gxf4 29. exf4 Bxf4 30. Re8+ Rxe8 31. Qxe8+ Kg7 32. Ra1 Qxh2 0-1

[Event "SVK-ch U20 rapid"]
[Site "Senec"]
[Date "2023.05.07"]
[Round "3"]
[White "Rucek, Kristian"]
[Black "Haring, Filip"]
[Result "1/2-1/2"]
[WhiteElo "1935"]
[BlackElo "2362"]
[PlyCount "109"]
[EventDate "2023.05.07"]
[EventType "rapid"]
[EventRounds "7"]
[EventCountry "SVK"]
[SourceTitle "EXT 2024"]
[Source "ChessBase"]
[SourceDate "2023.10.10"]
[SourceVersion "1"]
[SourceVersionDate "2023.10.10"]
[SourceQuality "1"]

1. d4 Nf6 2. c4 e6 3. Nf3 d5 4. Nc3 dxc4 5. e4 b5 6. Nxb5 Nxe4 7. Qa4 c6 8. Nc3 Nxc3 9. bxc3 Ba6 10. Bxc4 Bxc4 11. Qxc4 Bd6 12. 0-0 0-0 13. Re1 Qc7 14. a4 Nd7 15. Ba3 c5 16. d5 Nb6 17. Qg4 exd5 18. Rad1 Rae8 19. Bc1 Rxe1+ 20. Rxe1 Qd7 21. Qxd7 Nxd7 22. Rd1 Rb8 23. g3 Nb6 24. a5 Nc4 25. Be3 Rb5 26. Rxd5 Rxa5 27. Bf4 Bf8 28. Ne5 Nxe5 29. Bxe5 f6 30. Bd6 Bxd6 31. Rxd6 Ra3 32. c4 Ra4 33. Rc6 Rxc4 34. Ra6 Kf7 35. Rxa7+ Kg6 36. Kg2 Rc3 37. Rc7 h5 38. h4 Kh6 39. Rc6 c4 40. Kh2 Kg6 41. Kg2 Kf5 42. Rc5+ Kg6 43. Rc7 Rc1 44. Rc5 Kh6 45. Rc6 Kh7 46. Rc5 g6 47. Rc7+ Kh6 48. Rc6 Kg7 49. Rc7+ Kf8 50. Kf3 Rc2 51. Ke3 Rc1 52. Kd2 Rf1 53. Ke2 Rc1 54. Kd2 Rf1 55. Ke2 1/2-1/2

[Event "SVK-ch U20 rapid"]
[Site "Senec"]
[Date "2023.05.07"]
[Round "5"]
[White "Sahidi, Samir"]
[Black "Rucek, Kristian"]
[Result "1-0"]
[WhiteElo "2487"]
[BlackElo "1935"]
[PlyCount "53"]
[EventDate "2023.05.07"]
[EventType "rapid"]
[EventRounds "7"]
[EventCountry "SVK"]
[SourceTitle "EXT 2024"]
[Source "ChessBase"]
[SourceDate "2023.10.10"]
[SourceVersion "1"]
[SourceVersionDate "2023.10.10"]
[SourceQuality "1"]

1. e4 e6 2. d4 d5 3. Nc3 Nf6 4. e5 Nfd7 5. f4 c5 6. Nf3 Nc6 7. Be3 cxd4 8. Nxd4 Qb6 9. Qd2 Qxb2 10. Rb1 Qa3 11. Ncb5 Qxa2 12. Rd1 Rb8 13. Nc7+ Kd8 14. Ndxe6+ fxe6 15. Nxe6+ Ke7 16. Nxf8 Nxf8 17. Bd3 Qa5 18. Qxa5 Nxa5 19. Bxa7 Ra8 20. Bc5+ Kf7 21. f5 Nc6 22. e6+ Bxe6 23. fxe6+ Nxe6 24. 0-0+ Ke8 25. Rde1 Kd7 26. Rf7+ Kc8 27. Bf5 1-0

[Event "SVK-ch U20"]
[Site "Dudince"]
[Date "2023.04.23"]
[Round "9"]
[White "Salgovic, Simon"]
[Black "Rucek, Kristian"]
[Result "1/2-1/2"]
[WhiteElo "2126"]
[BlackElo "2128"]
[PlyCount "84"]
[EventDate "2023.04.16"]
[EventType "tourn"]
[EventRounds "9"]
[EventCountry "SVK"]
[SourceTitle "CBM 213 Extra"]
[Source "ChessBase"]
[SourceDate "2023.05.31"]
[SourceVersion "1"]
[SourceVersionDate "2023.05.31"]
[SourceQuality "1"]

1. e4 e6 2. d4 d5 3. Nd2 c5 4. exd5 Qxd5 5. Ngf3 cxd4 6. Bc4 Qd7 7. 0-0 Nc6 8. Nb3 Nf6 9. Nbxd4 Nxd4 10. Nxd4 a6 11. Bb3 Bd6 12. Re1 0-0 13. Nxe6 Bxh2+ 14. Kxh2 Qxd1 15. Rxd1 Bxe6 16. Bg5 Ne4 17. Be3 Rac8 18. c3 Bxb3 19. axb3 Rfd8 20. Bb6 Rxd1 21. Rxd1 Nf6 22. Bd4 Rd8 23. Re1 Re8 24. Rd1 Re2 25. c4 Ne4 26. Be3 Kf8 27. Rd7 Nxf2 28. Bc5+ Ke8 29. Rxb7 Ng4+ 30. Kg3 Nf6 31. Kf3 Rxb2 32. Re7+ Kd8 33. Rxf7 Rxb3+ 34. Be3 h5 35. Ke2 Rb2+ 36. Kf3 Ng4 37. Bg5+ Kc8 38. Rxg7 Ne5+ 39. Ke4 Nxc4 40. Bf4 Nb6 41. Rc7+ Kd8 42. Ra7 Nc8 1/2-1/2

[Event "SVK-ch U20"]
[Site "Dudince"]
[Date "2023.04.17"]
[Round "2"]
[White "Rucek, Kristian"]
[Black "Galla, Richard"]
[Result "1-0"]
[WhiteElo "2128"]
[BlackElo "1883"]
[PlyCount "61"]
[EventDate "2023.04.16"]
[EventType "tourn"]
[EventRounds "9"]
[EventCountry "SVK"]
[SourceTitle "CBM 213 Extra"]
[Source "ChessBase"]
[SourceDate "2023.05.31"]
[SourceVersion "1"]
[SourceVersionDate "2023.05.31"]
[SourceQuality "1"]

1. d4 Nf6 2. c4 b6 3. Nc3 Bb7 4. Qc2 d5 5. cxd5 Nxd5 6. e4 Nxc3 7. bxc3 e6 8. Nf3 Be7 9. Bd3 Nd7 10. 0-0 c5 11. Rd1 cxd4 12. cxd4 0-0 13. Bb2 Rc8 14. Qe2 Nf6 15. d5 exd5 16. e5 Nd7 17. Nd4 Bc5 18. Bxh7+ Kxh7 19. Qh5+ Kg8 20. Rd3 Nxe5 21. Qxe5 Bxd4 22. Bxd4 f6 23. Qf5 Re8 24. Rg3 Rc6 25. h4 Re4 26. Rd1 Rce6 27. h5 Re1+ 28. Rxe1 Rxe1+ 29. Kh2 Kf8 30. h6 gxh6 31. Bxf6 1-0

[Event "SVK-chT 2223"]
[Site "Slovakia"]
[Date "2023.04.01"]
[Round "10.3"]
[White "Holly, Andrej"]
[Black "Rucek, Kristian"]
[Result "1-0"]
[WhiteElo "2174"]
[BlackElo "2035"]
[PlyCount "67"]
[EventDate "2022.10.22"]
[EventType "team-tourn"]
[EventRounds "11"]
[EventCountry "SVK"]
[SourceTitle "EXT 2024"]
[Source "ChessBase"]
[SourceDate "2023.10.10"]
[SourceVersion "1"]
[SourceVersionDate "2023.10.10"]
[SourceQuality "1"]
[WhiteTeam "Liptov Chess School"]
[BlackTeam "Dubnica nad Vahom"]
[WhiteTeamCountry "SVK"]
[BlackTeamCountry "SVK"]

1. e4 e6 2. d4 d5 3. Bd3 c5 4. exd5 exd5 5. Nf3 Nf6 6. 0-0 c4 7. Re1+ Be7 8. Bf1 0-0 9. b3 cxb3 10. axb3 Nc6 11. Ba3 Bxa3 12. Nxa3 Bg4 13. c3 Ne4 14. Qd3 Qf6 15. Nc2 Bxf3 16. gxf3 Ng5 17. Bg2 Ne6 18. Ne3 Nf4 19. Qf5 Qd6 20. Ng4 f6 21. Bf1 Nd8 22. Ne3 g6 23. Qg4 f5 24. Qg3 Nde6 25. Nxd5 Qxd5 26. Bc4 Qc6 27. Qxf4 Qxc4 28. Qd6 Qxc3 29. Qxe6+ Kg7 30. Qe5+ Kh6 31. Qf4+ g5 32. Qd6+ Kg7 33. Rac1 Qxb3 34. Rc7+ 1-0

[Event "SVK-chT2B 2223"]
[Site "Slovakia"]
[Date "2022.11.27"]
[Round "6.1"]
[White "Kijac, Miroslav"]
[Black "Rucek, Kristian"]
[Result "1/2-1/2"]
[WhiteElo "2084"]
[BlackElo "2206"]
[PlyCount "44"]
[EventDate "2022.10.08"]
[EventType "team-tourn"]
[EventRounds "11"]
[EventCountry "SVK"]
[SourceTitle "EXT 2024"]
[Source "ChessBase"]
[SourceDate "2023.10.10"]
[SourceVersion "1"]
[SourceVersionDate "2023.10.10"]
[SourceQuality "1"]
[WhiteTeam "Nemsova Horne Srnie"]
[BlackTeam "Belusa"]
[WhiteTeamCountry "SVK"]
[BlackTeamCountry "SVK"]

1. Nf3 d5 2. d4 Nf6 3. c4 e6 4. Nc3 c6 5. cxd5 exd5 6. Qc2 g6 7. Bg5 Bg7 8. e3 Bf5 9. Bd3 Bxd3 10. Qxd3 Nbd7 11. 0-0 0-0 12. Rfc1 Qe7 13. Rab1 a5 14. a3 h6 15. Bh4 g5 16. Bg3 Ne4 17. Nd2 Nxd2 18. Qxd2 Nb6 19. Qd3 Rfe8 20. Re1 Qd7 21. b4 Nc4 22. a4 axb4 1/2-1/2

[Event "SVK-chT1W 2223"]
[Site "Slovakia"]
[Date "2022.11.06"]
[Round "4.2"]
[White "Petran, Peter"]
[Black "Rucek, Kristian"]
[Result "1/2-1/2"]
[WhiteElo "2213"]
[BlackElo "2158"]
[PlyCount "122"]
[EventDate "2022.10.15"]
[EventType "team-tourn"]
[EventRounds "11"]
[EventCountry "SVK"]
[SourceTitle "EXT 2024"]
[Source "ChessBase"]
[SourceDate "2023.10.10"]
[SourceVersion "1"]
[SourceVersionDate "2023.10.10"]
[SourceQuality "1"]
[WhiteTeam "Bratislava Slovan III"]
[BlackTeam "Dubnica nad Vahom II"]
[WhiteTeamCountry "SVK"]
[BlackTeamCountry "SVK"]

1. Nf3 d5 2. g3 g6 3. Bg2 Bg7 4. c4 dxc4 5. Na3 Nc6 6. Nxc4 e5 7. d3 e4 8. dxe4 Qxd1+ 9. Kxd1 Nf6 10. Nfd2 Be6 11. Ne3 0-0-0 12. f4 Nd4 13. Rf1 Rhe8 14. Rf2 Bf8 15. e5 Nd7 16. Nc2 Bc5 17. Nxd4 Bxd4 18. Rf1 f6 19. Ke1 fxe5 20. Nf3 Bg4 21. f5 Nc5 22. fxg6 hxg6 23. h3 Bxf3 24. Bxf3 e4 25. Bg4+ Kb8 26. Rb1 e3 27. Rf3 Ne4 28. Bxe3 Nxg3 29. Rd1 Be5 30. Rxd8+ Rxd8 31. Bg5 Re8 32. Bd7 Rh8 33. Re3 Bd6 34. Re8+ Rxe8 35. Bxe8 Ne4 36. Be3 Bb4+ 37. Kd1 g5 38. Bg6 Bc5 39. Bxc5 Nxc5 40. Bf5 c6 41. Kd2 Kc7 42. b4 Na6 43. a3 b6 44. Ke3 Kd6 45. Kf3 Ke5 46. Kg4 Kf6 47. e4 Nc7 48. e5+ Kxe5 49. Kxg5 Nd5 50. h4 Nf4 51. Bd7 c5 52. bxc5 bxc5 53. Bb5 Ne6+ 54. Kg4 Kf6 55. Bc4 Nd4 56. Kf4 a5 57. a4 Nf5 58. Ke4 Nxh4 59. Kd5 Nf5 60. Kxc5 Ke7 61. Bd3 Ne3 1/2-1/2

[Event "SVK-chT2B 2223"]
[Site "Slovakia"]
[Date "2022.10.09"]
[Round "2.3"]
[White "Urban, Gabor"]
[Black "Rucek, Kristian"]
[Result "0-1"]
[WhiteElo "2041"]
[BlackElo "2035"]
[PlyCount "112"]
[EventDate "2022.10.08"]
[EventType "team-tourn"]
[EventRounds "11"]
[EventCountry "SVK"]
[SourceTitle "CBM 210 Extra"]
[Source "ChessBase"]
[SourceDate "2022.11.30"]
[SourceVersion "1"]
[SourceVersionDate "2022.11.30"]
[SourceQuality "1"]
[WhiteTeam "Batorove Kosihy"]
[BlackTeam "Belusa"]
[WhiteTeamCountry "SVK"]
[BlackTeamCountry "SVK"]

1. c4 e6 2. Nc3 d5 3. d4 c5 4. cxd5 exd5 5. Nf3 Nc6 6. e3 Nf6 7. Be2 c4 8. 0-0 Bb4 9. Qc2 0-0 10. a4 Qd6 11. b3 Bxc3 12. Qxc3 Ne4 13. Qb2 c3 14. Qb1 Nb4 15. Bd3 Re8 16. Bxe4 Rxe4 17. Ba3 Bf5 18. Qe1 a5 19. Qxc3 Rc8 20. Qd2 Rg4 21. Rfc1 Re8 22. Rc3 Be4 23. Ne1 Rh4 24. f4 Qh6 25. g3 Rh3 26. Qf2 Nc6 27. Ra2 Qh5 28. Nd3 Re6 29. Nc5 Rg6 30. Nxe4 dxe4 31. Rd2 Rgxg3+ 32. Qxg3 Rxg3+ 33. hxg3 Qf3 34. d5 Qxg3+ 35. Kf1 Qh3+ 36. Kg1 Qg4+ 37. Kf1 Qf3+ 38. Kg1 Qg4+ 39. Kf2 Qh4+ 40. Kf1 Qh3+ 41. Kf2 Nb4 42. Bxb4 axb4 43. Rcc2 Qf3+ 44. Kg1 Qxe3+ 45. Kh1 Qh3+ 46. Kg1 e3 47. Rg2 h5 48. d6 Qe6 49. Rce2 Qxd6 50. Rxe3 Qxf4 51. Rge2 g5 52. Re8+ Kg7 53. R8e7 Qg3+ 54. Rg2 Qxb3 55. Rxg5+ Kf6 56. Ree5 Qb1+ 0-1